Statistiques concernant Focus sur: Gram - Tolkien

Cliquez ici pour prendre le quiz!

Statistiques générales

  • Ce quiz a été pris 2 fois
  • Le résultat moyen est 6 sur 11

Statistiques - réponses

Informations recherchéesRéponses% Correct
EspèceHomme
100%
Première mentionLe Seigneur des Anneaux: Le Retour du Roi
100%
RoyaumeRohan
100%
Couleur des cheveuxBlond
50%
CitéEdoras
50%
Maison (lignée)Maison d'{Eorl}
50%
Profession et titreRoi du Rohan
50%
Ages durant lequel il vécutTroisième
50%
PèreDéor
0%
FilsHelm
0%
FilleHild
0%

Distribution des résultats

Percentile par nombre de réponses

% des personnes avec chaque résultat

Votre développement - résultats

Vous n’avez pas pris ce quiz